Left Side Driving - Sudden Death - Statistics

General Stats
  • This quiz has been taken 79 times
    46 since last reset
  • The average score is 9 of 15
Answers on the Grid
Answers color-coded by a green-red scale on the quiz's grid according to % correct below.
United Kingdom
Ireland
Uganda
Tanzania
South Africa
India
Japan
Guyana
Indonesia
Singapore
Thailand
Australia
New Zealand
Malaysia
Cyprus
France
United States
Canada
Belize
Cuba
Russia
China
South Korea
Egypt
Nigeria
Rwanda
Myanmar
Vietnam
North Korea
Ghana
Germany
Brazil
 
Answer Stats
Answer % Correct
United Kingdom
75%
Australia
68%
Japan
68%
Singapore
68%
India
64%
Ireland
64%
South Africa
64%
New Zealand
61%
Indonesia
57%
Malaysia
54%
Cyprus
50%
Guyana
46%
Tanzania
46%
Thailand
46%
Uganda
43%
No matching quizzes found
Score Distribution
Percent of People with Each Score
Percentile by Number Answered
Your Score History
You have not taken this quiz since the last reset